| 000 | 02906nam0a22005531 4500 | ||
|---|---|---|---|
| 001 | v19\rc\2107905 | ||
| 005 | 20210916153555.0 | ||
| 035 | _a(NLR Aleph) 005180170 | ||
| 090 |
_a5128139 _c5128139 |
||
| 100 | _a20090914d1810 m||y0rusy50 ca | ||
| 101 | 1 |
_arus _cfre |
|
| 102 | _aRU | ||
| 135 | _acrcn 024anaba | ||
| 140 | _ay y cayaa0000 | ||
| 200 | 1 |
_aПрепятствие в дороге. или Хоть не даром проездили _eКомедия в трех действиях _fпереведено с французскаго Егором Лауницем |
|
| 210 |
_aВ Санктпетербурге _cв типографии В. Плавильщикова _d1810 |
||
| 215 |
_a[2], 153, [1] с. _d12° |
||
| 300 | _aЗагл. ориг.: Le voyage interrompu | ||
| 300 | _aЦенз. : Спб. ценз. ком. (на тит.л.) | ||
| 316 |
_aЭкз. РНБ (18.167.2.155) в рыжей бумажной обл. На 1-й с. обл. ярлык с шифром РНБ. На 2-й с. обл. пустой ярлык. На 1-й с. обл., шмуцтит., тит. л., с.2, 3, 15, 33, 63, 115, 133 и 153 круглый штамп ГПБ. Экз. не обрезан. Размер: 18,8х12,5х1,7 см _5NLR: 18.167.2.155 |
||
| 321 | 1 | _aСК 1801-1825 7071 | |
| 325 | _aКопия доступна в Электрон. б-ке РНБ | ||
| 454 | 0 |
_12001#$aLe voyage interrompu _15171#$aVoyage interrompu |
|
| 481 | 0 | _1001RU\NLR\A1\1461 | |
| 517 | 1 | _aХоть не даром проездили | |
| 620 | _dСанкт-Петербург | ||
| 700 | 1 |
_aПикар _bЛ. Б. _f1769-1828 _gЛуи Бенуа |
|
| 702 | 1 |
_aЛауниц _bЕ. _gЕгор _4730 |
|
| 702 | 1 |
_aПлавильщиков _bВ. А. _f1768-1823 _gВасилий Алексеевич _3RU\NLR\AUTH\7758248 _4610 |
|
| 712 | 0 | 0 |
_aПлавильщиков, _gВ. А., _hтипография _cПетербург _3RU\NLR\AUTH\880426395 _4610 |
| 801 | 0 |
_aRU _bNLR _gpsbo |
|
| 801 | 1 |
_aRU _bProSoft-M _2rusmarc |
|
| 852 |
_aNLR _j19.113а.1.61 |
||
| 852 |
_aNLR _j18.167.2.155 |
||
| 856 | 0 | _uhttps://vivaldi.nlr.ru/bx000026375/view | |
| 856 | 1 | _uhttps://vivaldi.nlr.ru/bx000026375/cover | |
| 856 | 2 | _uhttps://vivaldi.nlr.ru/bx000026375/text | |
| 942 | _cBOOK | ||
| 980 | 3 | _akpcivil2021 | |
| 980 | 3 | _akp2021 | |
| 980 | 3 | _akp | |
| 980 | _aNB | ||
| 981 | 3 | 3 |
_a(33) Художественная литература _b(33) Зарубежная литература |
| 981 | 2 | 0 |
_a(20) Книжные памятники РНБ _b(20) Русский книжный фонд |